Changing theories and practices of discipline
Αποθηκεύτηκε σε:
| Κύριος συγγραφέας: | |
|---|---|
| Μορφή: | Βιβλίο |
| Γλώσσα: | English |
| Δημοσίευση: |
London :
The Falmer Press,
1995
|
| Θέματα: | |
| Ετικέτες: |
Προσθήκη ετικέτας
Δεν υπάρχουν, Καταχωρήστε ετικέτα πρώτοι!
|
MARC
| LEADER | 00000nam a2200000 i 4500 | ||
|---|---|---|---|
| 001 | 1/92194 | ||
| 008 | 991111s1995 eng d | ||
| 020 | |a 0-7507-0297-4 | ||
| 035 | |l 10053947 | ||
| 040 | |a GR-MY-UA |b gre |e aacr | ||
| 041 | 0 | |a eng | |
| 082 | 0 | |a 371.509436 | |
| 100 | 1 | |a Slee, Roger. | |
| 245 | 1 | 0 | |a Changing theories and practices of discipline / |c Roger Slee |
| 260 | |a London : |b The Falmer Press, |c 1995 | ||
| 300 | |a 240 p. | ||
| 650 | 0 | 0 | |a School discipline |z Australia. |
| 650 | 0 | 0 | |a Education and state |z Australia. |
| 650 | 0 | 0 | |a School management and organization |z Australia. |
| 650 | 0 | 0 | |a School discipline |z Australia |x Case studies. |
| 852 | |a INST |b RHODES |e 19991111 |h 371.509436 SLE |p 005400015070 |q 005400015070 |t BK |y 0 | ||
| 901 | |a BIBL4-1999-3 | ||
| 909 | |a Ρ |b 069337 | ||
| 922 | |a 4ΕΛΗ |b 199910 |c ΚΠΣ/154 |d LEADER BOOKS | ||
| 970 | |a ΚΟΥΛΑΚΙΟΤΗ |b ΛΙΤΣΑ |z 1999/11/11 | ||